banner koha

Relação de nicho espacial e alimentar entre Boana semilineata e Boana pombali (Anura: Hylidae) em fragmentos de Mata Atlântica no Nordeste da Bahia (Registro n. 331588)

MARC details
000 -LÍDER
fixed length control field 04828nab a2200349 i 4500
003 - CÓDIGO MARC DA AGÊNCIA CATALOGADORA
Campo de controle BR-BrBNA
005 - DATA E HORA DA ÚLTIMA ATUALIZAÇÃO
Campo de controle 20250519154259.0
008 - CAMPO DE TAMANHO FIXO
fixed length control field 250519b2017 bl.qr|pooa||| 00| 0 por |
040 ## - FONTE DA CATALOGAÇÃO
Agência catalogadora BR-BrBNA
Idioma da catalogação por
072 ## - CATEGORIA AGRIS
Código AGRIS L20
Código do objeto 8520
072 ## - CATEGORIA AGRIS
Código AGRIS L40
100 ## - ENTRADA PRINCIPAL - NOME PESSOAL
Nome pessoal Protázio, Arielson dos Santos
100 ## - ENTRADA PRINCIPAL - NOME PESSOAL
Nome pessoal Vieira, Marcos Vinícius dos Santos da Anunciação
100 ## - ENTRADA PRINCIPAL - NOME PESSOAL
Nome pessoal Braga, Hugo Santos Neri
100 ## - ENTRADA PRINCIPAL - NOME PESSOAL
Nome pessoal Conceição, Lennise Costa
100 ## - ENTRADA PRINCIPAL - NOME PESSOAL
Nome pessoal Santos, Uilton Góes dos
100 ## - ENTRADA PRINCIPAL - NOME PESSOAL
Nome pessoal Ribeiro, André Caetité
100 ## - ENTRADA PRINCIPAL - NOME PESSOAL
Nome pessoal Cruz, Sílvio de Jesus
100 ## - ENTRADA PRINCIPAL - NOME PESSOAL
Nome pessoal Protázio, Airan dos Santos
245 ## - TÍTULO PRINCIPAL
Título principal Relação de nicho espacial e alimentar entre Boana semilineata e Boana pombali (Anura: Hylidae) em fragmentos de Mata Atlântica no Nordeste da Bahia
500 ## - NOTA GERAL
Nota geral <br/><br/>Publicação online; 4 illus.; 3 tables; Summaries (En, Pt); Bibliography p. 325-327
942 ## - ADDED ENTRY ELEMENTS (KOHA)
Koha item type Analítica
520 ## - NOTA DE RESUMO
Nota de conteúdo <br/><br/><br/>Resumo: Em estudos envolvendo pares de espécies, espera-se que táxons filogeneticamente próximos apresentem maior similaridade ecológica. Resultados contrários sugerem a existência de algum mecanismo que possibilite a coexistência. Neste estudo foram utilizados dados do uso do micro-habitat, composição da dieta e de morfometria para investigar a relação de nicho entre Boana semilineata e Boana pombali que vivem em sintopia em fragmentos de Mata Atlântica. As duas espécies foram encontradas nos mesmos riachos e brejos, mas apresentaram preferências por diferentes micro-habitat e micro-habitat de vocalização. A análise com modelo nulo evidenciou ausência de competição no uso do espaço. Coleópteros e ácaros foram os itens alimentares mais importantes para B. semilineata, enquanto ortópteros e coleópteros foram os mais importantes para B. pombali. Não foram identificadas diferenças na composição de presas na dieta das duas espécies. A análise com modelo nulo evidenciou ausência de competição no nicho alimentar. Boana semilineata apresentou corpo maior do que B. pombali e as variáveis da cabeça e pernas foram as mais relevantes na distinção das espécies. Apesar disso, não foi encontrada relação entre forma do corpo e composição da presa ou forma do corpo e uso de microhabitat. As duas espécies apresentam partição no nicho espacial e formas do corpo diferente. Apesar disso, é possível que outros descritores do habitat/micro-habitat, bem como interação com outras espécies, exerçam papel relevante na relação de nicho entre os dois hilídeos.<br/><br/><br/>Palavras-chave: Microhabitat, Dieta, Morfometria
520 ## - NOTA DE RESUMO
Nota de conteúdo <br/><br/><br/>Abstract: On studies involving pairs of species, it is expected that closely related taxa present greater ecological similarity. Adverse results suggest the existence of some mechanism that allows coexistence. In this study we used data of microhabitat using, diet composition and morphometrics to investigate the niche relationship between Boana semilineata and Boana pombali that live in syntopy in Atlantic Rainforest fragments. Both species were found in the same streams and swamps, but showed preferences for different microhabitats and calling microhabitats. The null model analysis showed absence of competition in the space use. Coleoptera and acari were the most important items for B. semilineata, while orthopterans and coleopterans were the most important items for B. pombali. No differences in prey composition were identified between two species. The null model analysis showed absence of competition in the feeding niche. Boana semilineata presented larger body than B. pombali and head and hindlegs variables were more relevant in the distinction between the two species. Despite this, no relationship was found between body shape and prey composition or body shape and microhabitat use. The species showed differences in the spatial niche and body shape. However, it is possible that other habitat/microhabitat descriptors, as well as interaction with other species play a relevant role in the niche relationship between the two hylids. <br/><br/><br/>Keywords: Microhabitat, Diet, Morphometry.
650 ## - ASSUNTO - THESAGRO
Cabeçalho tópico ou nome geográfico SAPO
650 ## - ASSUNTO - THESAGRO
Cabeçalho tópico ou nome geográfico DIETA
650 ## - ASSUNTO - THESAGRO
Cabeçalho tópico ou nome geográfico MORFOLOGIA ANIMAL
650 ## - ASSUNTO - THESAGRO
Cabeçalho tópico ou nome geográfico COMPORTAMENTO ANIMAL
773 0# - ENTRADA ANALÍTICA
Host Biblionumber 3583
Registro do item 350399
Imprenta Cruz das Almas-BA Universidade Federal da Bahia - Escola de Agronômia 1983
Outro identificador 2025-3018
Título Magistra (Brazil)
ISSN 0102-5333
Colação v. 29(3-4) p. 315-327; (2017)
Número de controle de registro BR2025002922
856 ## - ACESSO E ENDEREÇO ELETRÔNICO
Identificador uniforme de recurso - URI https://periodicos.ufrb.edu.br/index.php/magistra/article/view/3878/2145

Nenhum exemplar disponível.

BINAGRI

Telefone: (61)3218-2567/2388/3357/2097 - binagri@agro.gov.br

Ministério da Agricultura e Pecuária , Esplanada dos Ministérios, Bloco D, Anexo B, Brasília/DF, CEP: 70.043-900